000 00280 a2200145 4500
001 171068
020 _a
040 _cMagnum
100 _aSmith, Rod
240 1 0 _aCold Feet
_lING
245 1 0 _aCold Feet
362 0 _a1899
697 _aLITERATURA ESTRANGEIRA
942 _cBK
999 _c171068
_d171068